Drácula [juego] /
Guardado en:
| Formato: | Objeto Físico |
|---|---|
| Publicado: |
Argentina :
Ruibal,
[199?]
|
| Materias: | |
| Etiquetas: |
Agregar Etiqueta
Sin Etiquetas, Sea el primero en etiquetar este registro!
|
| LEADER | 00828nrm a22001695g 4500 | ||
|---|---|---|---|
| 001 | CEM.cems019208 | ||
| 008 | 130507b199?##################0###0#####d | ||
| 005 | 20220829210257.0 | ||
| 003 | CEMS | ||
| 245 | 0 | 0 | |a Drácula [juego] / |c Ruibal. |
| 260 | |a Argentina : |b Ruibal, |c [199?] | ||
| 300 | |a 1 juego (1 tablero, 24 peones repartidos en 2 equipos de 12 cada uno, 24 peanas plásticas) ; en caja 37 x 27 x 4 cm. + manual de instrucciones. | ||
| 490 | A | l | |u m de oro / Club de la Aventura |
| 500 | |a Para 2 a 4 jugadores a partir de 9 años y adultos objetivo: gana una de las fuerzas al conseguir entrar en el castillo y conseguir la cruz o destruir a Drácula, o la otra fuerza consiga morder al doctor o hipnotizar la aldea. | ||
| 082 | 0 | 4 | |a J793.93 |
| 653 | |a 1. juegos de fantasía | ||
| 859 | |a CEMS |b BIB. CEMS - Ludoteca |h J793.93 |i R858 |p 107.96 |t Ej.1 | ||
